Music Quiz

Random Music or Kpop Quiz
Score 0/30 Timer 10:00
0 Plays Today
% Correct
Rose
98.7%
Bang Chan (Ult)
98.1%
Mark
97.5%
Kai
97.5%
Victoria
96.8%
Irene
96.8%
Donghae (Ult)
96.2%
Jun
96.2%
Momo
96.2%
V
95.5%
Hani
95.5%
I.M
95.5%
Minho
94.9%
Yuta
94.9%
Jaehyun
94.9%
% Correct
Jaemin
94.9%
Yuri
94.9%
Moonbyul
94.3%
J.seph
93%
YoungK
93%
Minhyun
91.7%
Minhyuk
90.4%
Hongbin
89.8%
Yuqi
87.9%
Sowon
87.3%
JR
85.4%
Sorn
84.1%
Changmin
80.9%
Kevin
75.2%
Kiseop
70.1%
Remove Ads.
Support Sporcle.
Get the best of Sporcle when you Go Orange. This ad-free experience offers more features, more stats, and more fun while also helping to support Sporcle. Thank you for becoming a member.

You're not logged in!

Compare scores with friends on all Sporcle quizzes.
OR
Log In

Show Comments

Extras

Created Dec 14, 2018ReportNominate
Tags:Kpop Quiz, same

Top Quizzes Today


Score Distribution

Your Account Isn't Verified!

In order to create a playlist on Sporcle, you need to verify the email address you used during registration. Go to your Sporcle Settings to finish the process.

Report this User

Report this user for behavior that violates our Community Guidelines.

Details: